[Event "Tata Steel Masters"]
[Date "2026.01.25"]
[White "Praggnanandhaa R"]
[Black "Aravindh, Chithambaram VR."]
[WhiteElo "2758"]
[BlackElo "2700"]
[Round "9.9.7"]
[Result "1-0"]

d4 {[%clk 01:59:04] [%emt 00:00:42]} Nf6 {[%clk 01:57:41] [%emt 00:02:31]} c4
{[%clk 01:58:56] [%emt 00:00:09]} e6 {[%clk 01:57:29] [%emt 00:00:12]} Nf3
{[%clk 01:58:27] [%emt 00:00:28]} d5 {[%clk 01:56:12] [%emt 00:01:18]} Nc3
{[%clk 01:58:01] [%emt 00:00:26]} Bb4 {[%clk 01:55:40] [%emt 00:00:32]} cxd5
{[%clk 01:56:09] [%emt 00:01:53]} exd5 {[%clk 01:54:27] [%emt 00:01:11]} Qa4+
{[%clk 01:55:25] [%emt 00:00:45]} Nc6 {[%clk 01:54:17] [%emt 00:00:11]} Bg5
{[%clk 01:55:18] [%emt 00:00:06]} h6 {[%clk 01:53:29] [%emt 00:00:48]} Bxf6
{[%clk 01:55:09] [%emt 00:00:08]} Qxf6 {[%clk 01:53:08] [%emt 00:00:20]} e3
{[%clk 01:55:03] [%emt 00:00:07]} O-O {[%clk 01:52:35] [%emt 00:00:31]} Rc1
{[%clk 01:54:59] [%emt 00:00:06]} Rd8 {[%clk 01:45:04] [%emt 00:07:30]} Bd3
{[%clk 01:53:45] [%emt 00:01:15]} Bg4 {[%clk 01:35:57] [%emt 00:09:08]} Be2
{[%clk 01:53:32] [%emt 00:00:13]} Bf5 {[%clk 01:25:03] [%emt 00:10:53]} O-O
{[%clk 01:42:35] [%emt 00:10:58]} Bf8 {[%clk 01:20:52] [%emt 00:04:11]} Qb5
{[%clk 01:31:33] [%emt 00:11:02]} Qe6 {[%clk 01:20:36] [%emt 00:00:17]} Na4
{[%clk 01:22:45] [%emt 00:08:48]} Rdb8 {[%clk 01:06:37] [%emt 00:13:58]} Nc5
{[%clk 01:18:46] [%emt 00:03:59]} Qc8 {[%clk 01:05:18] [%emt 00:01:19]} Qb3
{[%clk 01:02:15] [%emt 00:16:29]} Bxc5 {[%clk 00:53:19] [%emt 00:12:01]} Rxc5
{[%clk 01:01:30] [%emt 00:00:46]} Ne7 {[%clk 00:53:07] [%emt 00:00:11]} Qa3
{[%clk 00:54:27] [%emt 00:07:02]} c6 {[%clk 00:51:22] [%emt 00:01:46]} b4 {[%clk
00:52:46] [%emt 00:01:42]} a6 {[%clk 00:50:57] [%emt 00:00:25]} Qb2 {[%clk
00:46:56] [%emt 00:05:49]} Bg4 {[%clk 00:50:17] [%emt 00:00:40]} a4 {[%clk
00:46:17] [%emt 00:00:39]} Bxf3 {[%clk 00:48:09] [%emt 00:02:08]} Bxf3 {[%clk
00:45:27] [%emt 00:00:50]} Qe6 {[%clk 00:45:55] [%emt 00:02:13]} b5 {[%clk
00:38:43] [%emt 00:06:45]} axb5 {[%clk 00:43:18] [%emt 00:02:37]} axb5 {[%clk
00:38:39] [%emt 00:00:04]} Ra5 {[%clk 00:42:24] [%emt 00:00:53]} Be2 {[%clk
00:36:57] [%emt 00:01:42]} Qd6 {[%clk 00:36:44] [%emt 00:05:40]} Rb1 {[%clk
00:31:36] [%emt 00:05:21]} Qd8 {[%clk 00:33:47] [%emt 00:02:57]} bxc6 {[%clk
00:26:16] [%emt 00:05:21]} Rxc5 {[%clk 00:33:04] [%emt 00:00:43]} dxc5 {[%clk
00:26:12] [%emt 00:00:03]} Nxc6 {[%clk 00:32:58] [%emt 00:00:06]} Bf3 {[%clk
00:22:25] [%emt 00:03:48]} Rc8 {[%clk 00:29:45] [%emt 00:03:16]} h3 {[%clk
00:18:40] [%emt 00:03:44]} Ne7 {[%clk 00:21:42] [%emt 00:08:03]} Qd4 {[%clk
00:15:53] [%emt 00:02:46]} Rc7 {[%clk 00:21:28] [%emt 00:00:15]} e4 {[%clk
00:08:54] [%emt 00:07:00]} Nc6 {[%clk 00:21:05] [%emt 00:00:23]} Qxd5 {[%clk
00:08:48] [%emt 00:00:06]} Rd7 {[%clk 00:17:58] [%emt 00:03:06]} Qb3 {[%clk
00:07:20] [%emt 00:01:28]} Nd4 {[%clk 00:11:08] [%emt 00:06:50]} Qe3 {[%clk
00:06:57] [%emt 00:00:22]} Nxf3+ {[%clk 00:02:11] [%emt 00:08:58]} Qxf3 {[%clk
00:06:52] [%emt 00:00:05]} Qg5 {[%clk 00:02:04] [%emt 00:00:07]} Qg4 {[%clk
00:03:27] [%emt 00:03:26]} Qxg4 {[%clk 00:01:47] [%emt 00:00:16]} hxg4 {[%clk
00:03:24] [%emt 00:00:02]} Rc7 {[%clk 00:01:23] [%emt 00:00:26]} Rb5 {[%clk
00:33:43] [%emt 00:00:11]} Kf8 {[%clk 00:31:48] [%emt 00:00:04]} Kf1 {[%clk
00:32:03] [%emt 00:02:09]} Ke7 {[%clk 00:30:17] [%emt 00:02:00]} Ke2 {[%clk
00:31:01] [%emt 00:01:34]} Kd7 {[%clk 00:29:50] [%emt 00:00:57]} Kd3 {[%clk
00:31:11] [%emt 00:00:20]} Kc6 {[%clk 00:30:11] [%emt 00:00:08]} Kc4 {[%clk
00:31:28] [%emt 00:00:13]} Rd7 {[%clk 00:30:36] [%emt 00:00:05]} Rb6+ {[%clk
00:30:58] [%emt 00:01:00]} Kc7 {[%clk 00:30:51] [%emt 00:00:15]} Rb2 {[%clk
00:28:15] [%emt 00:03:13]} Rd1 {[%clk 00:31:15] [%emt 00:00:06]} Kb5 {[%clk
00:16:43] [%emt 00:12:03]} Re1 {[%clk 00:30:23] [%emt 00:01:21]} f3 {[%clk
00:16:22] [%emt 00:00:53]} Rd1 {[%clk 00:29:59] [%emt 00:00:52]} Rb4 {[%clk
00:14:07] [%emt 00:02:46]} Re1 {[%clk 00:18:54] [%emt 00:11:35]} Ra4 {[%clk
00:11:45] [%emt 00:02:52]} Rb1+ {[%clk 00:13:55] [%emt 00:05:28]} Kc4 {[%clk
00:10:30] [%emt 00:01:46]} Rc1+ {[%clk 00:07:44] [%emt 00:06:40]} Kd5 {[%clk
00:06:36] [%emt 00:04:24]} Rc2 {[%clk 00:07:23] [%emt 00:00:52]} Ra8 {[%clk
00:06:53] [%emt 00:00:13]} Rxg2 {[%clk 00:07:45] [%emt 00:00:07]} Rf8 {[%clk
00:04:38] [%emt 00:02:45]} Rd2+ {[%clk 00:07:25] [%emt 00:00:50]} Ke5 {[%clk
00:04:35] [%emt 00:00:32]} Rd7 {[%clk 00:07:14] [%emt 00:00:41]} Rg8 {[%clk
00:05:00] [%emt 00:00:06]} Kc6 {[%clk 00:05:21] [%emt 00:02:23]} Rxg7 {[%clk
00:04:32] [%emt 00:00:58]} Kxc5 {[%clk 00:05:47] [%emt 00:00:05]} Kf6 {[%clk
00:04:04] [%emt 00:00:57]} b5 {[%clk 00:06:14] [%emt 00:00:03]} e5 {[%clk
00:02:15] [%emt 00:02:19]} Kd5 {[%clk 00:02:58] [%emt 00:03:45]} f4 {[%clk
00:02:03] [%emt 00:00:42]} b4 {[%clk 00:03:08] [%emt 00:00:21]} Rxf7 {[%clk
00:01:05] [%emt 00:01:28]} Rxf7+ {[%clk 00:03:03] [%emt 00:00:35]} Kxf7 {[%clk
00:01:34] [%emt 00:00:01]} b3 {[%clk 00:03:28] [%emt 00:00:05]} e6 {[%clk
00:02:01] [%emt 00:00:03]} b2 {[%clk 00:03:55] [%emt 00:00:03]} e7 {[%clk
00:02:29] [%emt 00:00:02]} b1=Q {[%clk 00:04:19] [%emt 00:00:06]} e8=Q {[%clk
00:02:56] [%emt 00:00:04]} Qg1 {[%clk 00:04:10] [%emt 00:00:38]} Qe5+ {[%clk
00:00:59] [%emt 00:02:27]} Kc6 {[%clk 00:03:35] [%emt 00:01:05]} Qe4+ {[%clk
00:01:17] [%emt 00:00:12]} Kb5 {[%clk 00:01:15] [%emt 00:02:51]} f5 {[%clk
00:00:57] [%emt 00:00:50]} h5 {[%clk 00:01:30] [%emt 00:00:15]} gxh5 {[%clk
00:00:55] [%emt 00:00:32]} Qa7+ {[%clk 00:01:29] [%emt 00:00:31]} Kg6 {[%clk
00:00:37] [%emt 00:00:48]} Qg1+ {[%clk 00:01:54] [%emt 00:00:04]} Kf7 {[%clk
00:00:44] [%emt 00:00:24]} Qa7+ {[%clk 00:02:18] [%emt 00:00:07]} Qe7 {[%clk
00:01:08] [%emt 00:00:06]} Qa2+ {[%clk 00:02:43] [%emt 00:00:04]} Qe6 {[%clk
00:01:30] [%emt 00:00:09]} Qa7+ {[%clk 00:03:07] [%emt 00:00:05]} Kf8 {[%clk
00:01:06] [%emt 00:00:54]} Qc5+ {[%clk 00:03:27] [%emt 00:00:11]} Ke8 {[%clk
00:01:20] [%emt 00:00:16]} Ka5 {[%clk 00:03:39] [%emt 00:00:19]} h6 {[%clk
00:01:15] [%emt 00:00:35]} Qc7 {[%clk 00:03:53] [%emt 00:00:14]} f6 {[%clk
00:00:33] [%emt 00:01:13]} Qb8+ {[%clk 00:04:16] [%emt 00:00:08]} Kf7 {[%clk
00:00:55] [%emt 00:00:06]} Qc7+ {[%clk 00:04:18] [%emt 00:00:30]} Kf8 {[%clk
00:00:39] [%emt 00:00:45]} Qc5+ {[%clk 00:04:30] [%emt 00:00:18]} Kg7 {[%clk
00:00:40] [%emt 00:00:29]} Qg1+ {[%clk 00:04:40] [%emt 00:00:20]} Kh8 {[%clk
00:00:38] [%emt 00:00:31]} Qc5 {[%clk 00:04:43] [%emt 00:00:28]} f7 {[%clk
00:00:48] [%emt 00:00:19]} Qc3+ {[%clk 00:05:06] [%emt 00:00:07]} Kh7 {[%clk
00:01:10] [%emt 00:00:09]} Qc7 {[%clk 00:05:32] [%emt 00:00:05]} Qg6 {[%clk
00:01:22] [%emt 00:00:17]}

[Site "Europe Echecs"]

[Event "Tata Steel Masters"]
[Date "2026.01.27"]
[White "Aravindh, Chithambaram VR."]
[Black "Nguyen, Thai Dai Van"]
[WhiteElo "2700"]
[BlackElo "2656"]
[Round "10.10.1"]
[Result "1-0"]

e4 {[%clk 01:59:17] [%emt 00:00:41]} e5 {[%clk 01:59:49] [%emt 00:00:12]} Nf3
{[%clk 01:59:07] [%emt 00:00:09]} Nf6 {[%clk 01:59:40] [%emt 00:00:10]} d4
{[%clk 01:58:19] [%emt 00:00:48]} Nxe4 {[%clk 01:59:29] [%emt 00:00:11]} Bd3
{[%clk 01:58:09] [%emt 00:00:10]} d5 {[%clk 01:59:19] [%emt 00:00:10]} Nxe5
{[%clk 01:57:34] [%emt 00:00:35]} Nd7 {[%clk 01:58:27] [%emt 00:00:52]} Nxd7
{[%clk 01:56:14] [%emt 00:01:20]} Bxd7 {[%clk 01:58:21] [%emt 00:00:07]} O-O
{[%clk 01:56:00] [%emt 00:00:13]} Be7 {[%clk 01:57:50] [%emt 00:00:32]} Re1
{[%clk 01:55:36] [%emt 00:00:24]} O-O {[%clk 01:52:48] [%emt 00:05:03]} Nd2
{[%clk 01:55:23] [%emt 00:00:11]} Nf6 {[%clk 01:46:03] [%emt 00:06:46]} h3
{[%clk 01:55:03] [%emt 00:00:20]} Re8 {[%clk 01:44:57] [%emt 00:01:06]} Nf3
{[%clk 01:54:34] [%emt 00:00:29]} a6 {[%clk 01:43:44] [%emt 00:01:14]} c3 {[%clk
01:50:36] [%emt 00:03:57]} c5 {[%clk 01:31:40] [%emt 00:12:04]} Bg5 {[%clk
01:48:34] [%emt 00:02:01]} c4 {[%clk 01:14:32] [%emt 00:17:09]} Bc2 {[%clk
01:47:22] [%emt 00:01:11]} Be6 {[%clk 01:09:37] [%emt 00:04:55]} Re3 {[%clk
01:36:05] [%emt 00:11:16]} Nd7 {[%clk 01:04:34] [%emt 00:05:04]} Bxe7 {[%clk
01:28:46] [%emt 00:07:18]} Qxe7 {[%clk 01:03:57] [%emt 00:00:38]} Qe2 {[%clk
01:28:32] [%emt 00:00:13]} Nf8 {[%clk 01:02:53] [%emt 00:01:05]} Re1 {[%clk
01:28:12] [%emt 00:00:20]} Qd6 {[%clk 00:59:44] [%emt 00:03:09]} Ng5 {[%clk
01:22:04] [%emt 00:06:07]} Bd7 {[%clk 00:39:34] [%emt 00:20:11]} Qh5 {[%clk
01:21:08] [%emt 00:00:55]} g6 {[%clk 00:38:06] [%emt 00:01:30]} Qh6 {[%clk
01:20:02] [%emt 00:01:05]} Rxe3 {[%clk 00:35:06] [%emt 00:03:00]} Rxe3 {[%clk
01:19:14] [%emt 00:00:47]} Re8 {[%clk 00:34:30] [%emt 00:00:37]} Nf3 {[%clk
01:19:07] [%emt 00:00:07]} Rxe3 {[%clk 00:33:22] [%emt 00:01:08]} fxe3 {[%clk
01:18:35] [%emt 00:00:32]} Qb6 {[%clk 00:28:05] [%emt 00:05:17]} b4 {[%clk
01:18:28] [%emt 00:00:06]} a5 {[%clk 00:24:26] [%emt 00:03:40]} a3 {[%clk
01:18:19] [%emt 00:00:09]} axb4 {[%clk 00:24:22] [%emt 00:00:04]} axb4 {[%clk
01:18:03] [%emt 00:00:16]} Qa6 {[%clk 00:22:47] [%emt 00:01:36]} Qh4 {[%clk
01:17:51] [%emt 00:00:11]} Qa1+ {[%clk 00:19:59] [%emt 00:02:49]} Qe1 {[%clk
01:17:45] [%emt 00:00:05]} Qb2 {[%clk 00:13:36] [%emt 00:06:24]} Qd2 {[%clk
01:17:35] [%emt 00:00:10]} f5 {[%clk 00:11:21] [%emt 00:02:15]} Bd1 {[%clk
01:17:09] [%emt 00:00:25]} Qxd2 {[%clk 00:10:34] [%emt 00:00:48]} Nxd2 {[%clk
01:17:04] [%emt 00:00:05]} Ne6 {[%clk 00:09:07] [%emt 00:01:27]} Kf2 {[%clk
01:16:32] [%emt 00:00:31]} Kg7 {[%clk 00:08:20] [%emt 00:00:48]} Nf3 {[%clk
01:16:13] [%emt 00:00:18]} Nc7 {[%clk 00:07:27] [%emt 00:00:53]} Ne5 {[%clk
01:15:31] [%emt 00:00:41]} Be6 {[%clk 00:06:46] [%emt 00:00:42]} Ba4 {[%clk
01:14:48] [%emt 00:00:43]} Kf6 {[%clk 00:06:28] [%emt 00:00:18]} h4 {[%clk
01:14:17] [%emt 00:00:31]} Na8 {[%clk 00:05:07] [%emt 00:01:22]} Bd1 {[%clk
01:14:01] [%emt 00:00:15]} Nb6 {[%clk 00:03:45] [%emt 00:01:22]} Ke1 {[%clk
01:09:34] [%emt 00:04:27]} Nc8 {[%clk 00:03:41] [%emt 00:00:04]} Bc2 {[%clk
01:27:36] [%emt 00:12:28]} Nd6 {[%clk 00:33:59] [%emt 00:00:13]} Kd2 {[%clk
01:28:01] [%emt 00:00:05]} Kg7 {[%clk 00:19:11] [%emt 00:15:18]} g3 {[%clk
01:27:59] [%emt 00:00:32]} Kf6 {[%clk 00:15:10] [%emt 00:04:32]} Nf3 {[%clk
01:23:23] [%emt 00:05:05]} h6 {[%clk 00:14:05] [%emt 00:01:35]} Ne5 {[%clk
01:23:16] [%emt 00:00:37]} Kg7 {[%clk 00:13:44] [%emt 00:00:52]} Ke2 {[%clk
01:19:13] [%emt 00:04:32]} Kf6 {[%clk 00:10:22] [%emt 00:03:52]} Kd2 {[%clk
01:19:36] [%emt 00:00:06]} g5 {[%clk 00:09:53] [%emt 00:00:59]} hxg5+ {[%clk
01:19:56] [%emt 00:00:10]} hxg5 {[%clk 00:09:59] [%emt 00:00:25]} Ke2 {[%clk
01:18:51] [%emt 00:01:34]} Bf7 {[%clk 00:09:07] [%emt 00:01:22]} Kd2 {[%clk
01:17:58] [%emt 00:01:23]} Bh5 {[%clk 00:08:55] [%emt 00:00:42]} Ke1 {[%clk
01:17:53] [%emt 00:00:36]} Ke6 {[%clk 00:09:22] [%emt 00:00:03]} Kd2 {[%clk
01:18:09] [%emt 00:00:13]} Kf6 {[%clk 00:09:40] [%emt 00:00:13]} Ke1 {[%clk
01:18:33] [%emt 00:00:05]} Ke7 {[%clk 00:09:31] [%emt 00:00:38]} Kd2 {[%clk
01:18:39] [%emt 00:00:25]} Ke6 {[%clk 00:09:42] [%emt 00:00:19]} Ke1 {[%clk
01:19:03] [%emt 00:00:04]} Be8 {[%clk 00:03:34] [%emt 00:06:39]} Kd2 {[%clk
01:18:58] [%emt 00:00:34]} Kf6 {[%clk 00:04:00] [%emt 00:00:05]} Ke1 {[%clk
01:17:38] [%emt 00:01:50]} Ke7 {[%clk 00:04:27] [%emt 00:00:04]} Nf3 {[%clk
01:17:33] [%emt 00:00:34]} Kf6 {[%clk 00:04:26] [%emt 00:00:32]} Ne5 {[%clk
01:17:58] [%emt 00:00:04]} Bh5 {[%clk 00:03:06] [%emt 00:01:51]} Kd2 {[%clk
01:18:06] [%emt 00:00:21]} Ke6 {[%clk 00:01:46] [%emt 00:01:49]} Ke1 {[%clk
01:17:52] [%emt 00:00:45]} Bg4 {[%clk 00:01:59] [%emt 00:00:18]} Kd2 {[%clk
01:07:16] [%emt 00:11:06]} Bh3 {[%clk 00:02:17] [%emt 00:00:12]} Nf3 {[%clk
01:07:16] [%emt 00:00:29]} Kf6 {[%clk 00:01:58] [%emt 00:00:51]} Ne5 {[%clk
01:07:42] [%emt 00:00:04]} Ke6 {[%clk 00:02:26] [%emt 00:00:03]} Nf3 {[%clk
01:08:06] [%emt 00:00:04]} Kf6 {[%clk 00:02:31] [%emt 00:00:25]} Ne5 {[%clk
01:08:31] [%emt 00:00:04]} Bg2 {[%clk 00:02:50] [%emt 00:00:12]} Nd7+ {[%clk
01:08:55] [%emt 00:00:06]} Ke7 {[%clk 00:03:12] [%emt 00:00:07]} Nc5 {[%clk
01:09:10] [%emt 00:00:15]} Bf3 {[%clk 00:02:49] [%emt 00:00:53]} b5 {[%clk
01:08:32] [%emt 00:01:08]} Bh5 {[%clk 00:02:27] [%emt 00:00:53]} b6 {[%clk
01:08:15] [%emt 00:00:47]} Be8 {[%clk 00:02:30] [%emt 00:00:27]} Ke2 {[%clk
01:07:07] [%emt 00:01:38]} g4 {[%clk 00:01:02] [%emt 00:01:58]} Nxb7 {[%clk
00:50:36] [%emt 00:17:01]} Nxb7 {[%clk 00:01:31] [%emt 00:00:02]} Bxf5 {[%clk
00:51:01] [%emt 00:00:05]} Bd7 {[%clk 00:01:50] [%emt 00:00:12]} Bh7 {[%clk
00:51:06] [%emt 00:00:24]} Kd6 {[%clk 00:00:50] [%emt 00:01:30]} e4 {[%clk
00:51:31] [%emt 00:00:05]} Be6 {[%clk 00:00:41] [%emt 00:00:40]} Ke3 {[%clk
00:51:44] [%emt 00:00:17]} Kc6 {[%clk 00:01:07] [%emt 00:00:04]} Bf5 {[%clk
00:50:18] [%emt 00:01:55]} Bf7 {[%clk 00:01:23] [%emt 00:00:14]} e5 {[%clk
00:49:30] [%emt 00:01:18]} Kxb6 {[%clk 00:01:51] [%emt 00:00:02]} Kf4 {[%clk
00:49:56] [%emt 00:00:04]} Kc7 {[%clk 00:00:56] [%emt 00:01:25]} Kg5 {[%clk
00:50:22] [%emt 00:00:04]} Nd8 {[%clk 00:01:00] [%emt 00:00:26]} Bxg4 {[%clk
00:49:50] [%emt 00:01:02]} Be6 {[%clk 00:00:48] [%emt 00:00:43]} Bd1 {[%clk
00:48:57] [%emt 00:01:23]} Bh3 {[%clk 00:00:34] [%emt 00:00:44]} Kf6 {[%clk
00:47:45] [%emt 00:01:42]} Ne6 {[%clk 00:01:03]} g4 {[%clk 00:48:08] [%emt
00:00:06]} Nf4 {[%clk 00:00:59] [%emt 00:00:34]} e6 {[%clk 00:48:34] [%emt
00:00:05]}

[Site "Europe Echecs"]

[Event "Tata Steel Masters"]
[Date "2026.01.27"]
[White "Keymer, Vincent"]
[Black "Erigaisi Arjun"]
[WhiteElo "2776"]
[BlackElo "2775"]
[Round "10.10.2"]
[Result "1-0"]

e4 {[%clk 01:59:57] [%emt 00:00:02]} e5 {[%clk 01:58:54] [%emt 00:01:06]} Nf3
{[%clk 01:59:52] [%emt 00:00:05]} Nc6 {[%clk 01:58:49] [%emt 00:00:05]} Bb5
{[%clk 01:59:50] [%emt 00:00:03]} a6 {[%clk 01:58:29] [%emt 00:00:20]} Ba4
{[%clk 01:59:46] [%emt 00:00:04]} Nf6 {[%clk 01:57:54] [%emt 00:00:35]} O-O
{[%clk 01:59:26] [%emt 00:00:20]} Be7 {[%clk 01:57:37] [%emt 00:00:16]} d3
{[%clk 01:58:49] [%emt 00:00:37]} b5 {[%clk 01:56:48] [%emt 00:00:48]} Bb3
{[%clk 01:58:45] [%emt 00:00:05]} d6 {[%clk 01:56:41] [%emt 00:00:08]} c3 {[%clk
01:58:33] [%emt 00:00:11]} O-O {[%clk 01:56:10] [%emt 00:00:31]} h3 {[%clk
01:58:28] [%emt 00:00:06]} Bb7 {[%clk 01:55:16] [%emt 00:00:54]} Re1 {[%clk
01:57:42] [%emt 00:00:46]} Na5 {[%clk 01:41:19] [%emt 00:13:57]} Bc2 {[%clk
01:57:30] [%emt 00:00:12]} c5 {[%clk 01:41:14] [%emt 00:00:05]} Nbd2 {[%clk
01:57:25] [%emt 00:00:05]} Qc7 {[%clk 01:38:43] [%emt 00:02:31]} Nf1 {[%clk
01:57:04] [%emt 00:00:21]} Rfe8 {[%clk 01:38:11] [%emt 00:00:32]} Ne3 {[%clk
01:38:37] [%emt 00:18:27]} h6 {[%clk 01:27:35] [%emt 00:10:36]} Nh2 {[%clk
01:34:40] [%emt 00:03:57]} c4 {[%clk 01:11:50] [%emt 00:15:45]} Qf3 {[%clk
01:17:46] [%emt 00:16:54]} cxd3 {[%clk 00:52:20] [%emt 00:19:31]} Bxd3 {[%clk
01:17:21] [%emt 00:00:25]} h5 {[%clk 00:51:15] [%emt 00:01:04]} Nf5 {[%clk
01:13:13] [%emt 00:04:08]} g6 {[%clk 00:48:10] [%emt 00:03:05]} Nxe7+ {[%clk
01:04:54] [%emt 00:08:19]} Qxe7 {[%clk 00:46:51] [%emt 00:01:18]} Bg5 {[%clk
01:04:21] [%emt 00:00:33]} Kg7 {[%clk 00:46:46] [%emt 00:00:06]} Rad1 {[%clk
00:39:39] [%emt 00:24:43]} Qe6 {[%clk 00:44:27] [%emt 00:02:18]} Bb1 {[%clk
00:39:22] [%emt 00:00:17]} Rad8 {[%clk 00:36:51] [%emt 00:07:36]} Qg3 {[%emt
00:08:52]} Nc4 {[%clk 00:29:06] [%emt 00:02:46]} b3 {[%clk 00:29:24] [%emt
00:06:05]} Nb6 {[%clk 00:29:01] [%emt 00:00:05]} f4 {[%clk 00:27:58] [%emt
00:01:26]} exf4 {[%clk 00:23:21] [%emt 00:05:40]} Qxf4 {[%clk 00:27:57] [%emt
00:00:01]} Rd7 {[%clk 00:23:04] [%emt 00:00:17]} Qf2 {[%clk 00:24:44] [%emt
00:03:13]} Nh7 {[%clk 00:22:57] [%emt 00:00:07]} Bf4 {[%clk 00:23:33] [%emt
00:01:11]} Nc8 {[%clk 00:22:48] [%emt 00:00:09]} Nf3 {[%emt 00:06:32]} Kg8
{[%clk 00:15:01] [%emt 00:02:27]} Qg3 {[%clk 00:21:00] [%emt 00:01:22]} Rde7
{[%clk 00:14:27] [%emt 00:00:33]} Nd4 {[%clk 00:19:42] [%emt 00:01:18]} Qf6
{[%clk 00:13:15] [%emt 00:01:12]} Nf5 {[%clk 00:18:13] [%emt 00:01:30]} Re6
{[%clk 00:13:09] [%emt 00:00:06]} Rf1 {[%clk 00:15:36] [%emt 00:02:37]} h4
{[%clk 00:09:55] [%emt 00:03:14]} Qg4 {[%clk 00:14:09] [%emt 00:01:27]} Qxc3
{[%clk 00:09:27] [%emt 00:00:27]} Bd2 {[%clk 00:13:33] [%emt 00:00:36]} Qb2
{[%clk 00:08:05] [%emt 00:01:23]} Nh6+ {[%clk 00:13:18] [%emt 00:00:15]} Kh8
{[%clk 00:07:59] [%emt 00:00:05]} Nxf7+ {[%clk 00:12:56] [%emt 00:00:22]} Kg7
{[%clk 00:07:54] [%emt 00:00:04]} Nd8 {[%clk 00:10:02] [%emt 00:02:55]} R6e7
{[%clk 00:07:16] [%emt 00:00:38]} Nxb7 {[%clk 00:09:35] [%emt 00:00:27]} Rxb7
{[%clk 00:07:10] [%emt 00:00:06]} Be3 {[%clk 00:40:00] [%emt 00:00:05]} Nf6
{[%clk 00:37:20] [%emt 00:00:20]} Qxh4 {[%clk 00:40:16] [%emt 00:00:14]}

[Site "Europe Echecs"]

[Event "Tata Steel Masters"]
[Date "2026.01.27"]
[White "Sindarov, Javokhir"]
[Black "Van Foreest, Jorden"]
[WhiteElo "2726"]
[BlackElo "2703"]
[Round "10.10.3"]
[Result "1/2-1/2"]

d4 {[%clk 01:59:53] [%emt 00:00:06]} d5 {[%clk 01:59:40] [%emt 00:00:19]} c4
{[%clk 01:59:32] [%emt 00:00:22]} e6 {[%clk 01:58:35] [%emt 00:01:05]} Nc3
{[%clk 01:59:01] [%emt 00:00:32]} a6 {[%clk 01:56:44] [%emt 00:01:51]} cxd5
{[%clk 01:54:22] [%emt 00:04:39]} exd5 {[%clk 01:56:35] [%emt 00:00:08]} Nf3
{[%clk 01:54:18] [%emt 00:00:05]} c6 {[%clk 01:53:22] [%emt 00:03:13]} e4 {[%clk
01:49:22] [%emt 00:04:56]} dxe4 {[%clk 01:52:35] [%emt 00:00:47]} Ng5 {[%clk
01:49:17] [%emt 00:00:05]} h6 {[%clk 01:49:12] [%emt 00:03:23]} Ngxe4 {[%clk
01:43:44] [%emt 00:05:34]} Be6 {[%clk 01:48:52] [%emt 00:00:19]} Bf4 {[%clk
01:42:04] [%emt 00:01:41]} Nd7 {[%clk 01:44:12] [%emt 00:04:40]} d5 {[%clk
01:32:00] [%emt 00:10:04]} cxd5 {[%clk 01:43:35] [%emt 00:00:37]} Nxd5 {[%clk
01:31:25] [%emt 00:00:35]} Qa5+ {[%clk 01:30:05] [%emt 00:13:29]} Ndc3 {[%clk
01:26:07] [%emt 00:05:19]} Ngf6 {[%clk 01:27:25] [%emt 00:02:40]} Nd6+ {[%clk
01:22:45] [%emt 00:03:22]} Bxd6 {[%clk 01:27:18] [%emt 00:00:07]} Bxd6 {[%clk
01:22:40] [%emt 00:00:06]} Nc5 {[%clk 01:17:12] [%emt 00:10:05]} Bb5+ {[%clk
01:13:15] [%emt 00:09:25]} axb5 {[%clk 01:17:04] [%emt 00:00:09]} Bxc5 {[%clk
01:13:12] [%emt 00:00:03]} Ne4 {[%clk 01:09:29] [%emt 00:07:34]} Qd4 {[%clk
01:07:31] [%emt 00:05:40]} Nxc5 {[%clk 01:09:19] [%emt 00:00:11]} Qxc5 {[%clk
01:07:26] [%emt 00:00:06]} Rc8 {[%clk 01:02:43] [%emt 00:06:35]} Qxb5+ {[%clk
01:06:50] [%emt 00:00:37]} Qxb5 {[%clk 01:02:37] [%emt 00:00:05]} Nxb5 {[%clk
01:06:44] [%emt 00:00:05]} Rc2 {[%clk 00:59:57] [%emt 00:02:39]} b3 {[%clk
01:06:16] [%emt 00:00:29]} O-O {[%clk 00:58:22] [%emt 00:01:36]} Nd4 {[%clk
01:05:47] [%emt 00:00:30]} Rb2 {[%clk 00:58:08] [%emt 00:00:14]} O-O {[%clk
01:05:32] [%emt 00:00:15]} Ra8 {[%clk 00:57:19] [%emt 00:00:48]} Nxe6 {[%clk
01:05:01] [%emt 00:00:31]} fxe6 {[%clk 00:57:10] [%emt 00:00:09]} g3 {[%clk
01:04:45] [%emt 00:00:16]} Raxa2 {[%clk 00:56:27] [%emt 00:00:44]} Rxa2 {[%clk
01:04:42] [%emt 00:00:03]} Rxa2 {[%clk 00:56:21] [%emt 00:00:05]} Re1 {[%clk
01:04:35] [%emt 00:00:07]} Rb2 {[%clk 00:55:54] [%emt 00:00:27]} Rxe6 {[%clk
01:04:24] [%emt 00:00:12]} Rxb3 {[%clk 00:55:48] [%emt 00:00:05]} Kg2 {[%clk
01:04:17] [%emt 00:00:07]} Kf7 {[%clk 00:55:38] [%emt 00:00:09]} Rd6 {[%clk
01:04:14] [%emt 00:00:04]} Ke7 {[%clk 00:55:30] [%emt 00:00:08]} Rg6 {[%clk
01:04:10] [%emt 00:00:04]} Kf7 {[%clk 00:55:26] [%emt 00:00:04]} Rd6 {[%clk
01:04:02] [%emt 00:00:08]} Ke7 {[%clk 00:55:21] [%emt 00:00:05]} Rg6 {[%clk
01:03:56] [%emt 00:00:07]} Kf7 {[%clk 00:55:17] [%emt 00:00:04]} Rd6 {[%clk
01:03:50] [%emt 00:00:05]}

[Site "Europe Echecs"]